Vice-chancellors' conference (Record no. 494810)

000 -LEADER
fixed length control field 00456cam a22001337a 4500
008 - FIXED-LENGTH DATA ELEMENTS--GENERAL INFORMATION
fixed length control field 180718b-- xxu||||| |||| 00| 0 eng d
082 ## - DEWEY DECIMAL CLASSIFICATION NUMBER
Classification number P5096x54 In2/1962
245 ## - TITLE STATEMENT
Title Vice-chancellors' conference
Statement of responsibility, etc. by University Grants Commission and Ministry of Education, India
260 ## - PUBLICATION, DISTRIBUTION, ETC.
Place of publication, distribution, etc. New Delhi
Name of publisher, distributor, etc. New Age Printing Press
Date of publication, distribution, etc. --
300 ## - PHYSICAL DESCRIPTION
Extent --
500 ## - GENERAL NOTE
General note Library has 1961, 1966
700 ## - ADDED ENTRY--PERSONAL NAME
Personal name India. Ministry of Education
700 ## - ADDED ENTRY--PERSONAL NAME
Personal name India. University Grants Commi
Holdings
Withdrawn status Lost status Damaged status Not for loan Permanent Location Current Location Date acquired Full call number Barcode Date last seen Price effective from Koha item type
        Indian Institute of Public Administration Indian Institute of Public Administration 2018-08-04 P5096x54 In2/1962 G9592 2018-08-04 2018-08-04 G
        Indian Institute of Public Administration Indian Institute of Public Administration 2018-08-04 P5096x54 In2/1962 GG16305 2018-08-04 2018-08-04 GG

Powered by Koha